Statistical estimation: asymptotic theory (Record no. 64022)

MARC details
000 -LEADER
fixed length control field 00851nam a2200289Ia 4500
003 - CONTROL NUMBER IDENTIFIER
control field OSt
005 - DATE AND TIME OF LATEST TRANSACTION
control field 20220912151227.0
008 - FIXED-LENGTH DATA ELEMENTS--GENERAL INFORMATION
fixed length control field 220909b |||||||| |||| 00| 0 eng d
037 ## - SOURCE OF ACQUISITION
Terms of availability Textual
040 ## - CATALOGING SOURCE
Original cataloging agency CSL
Language of cataloging eng
Transcribing agency CSL
041 ## - LANGUAGE CODE
Language code of text/sound track or separate title eng
100 ## - MAIN ENTRY--PERSONAL NAME
Personal name Ibragimov I A
245 #0 - TITLE STATEMENT
Title Statistical estimation: asymptotic theory
260 ## - PUBLICATION, DISTRIBUTION, ETC.
Place of publication, distribution, etc. New York
Name of publisher, distributor, etc. Springer Verlag
Date of publication, distribution, etc. 1981
300 ## - PHYSICAL DESCRIPTION
Extent vii, 403p.
Dimensions cm. illus.
490 ## - SERIES STATEMENT
Series statement Applications of Mathematics; 16
500 ## - GENERAL NOTE
General note Bibliography 395-400p; Appendix 382-388p
650 ## - SUBJECT ADDED ENTRY--TOPICAL TERM
Topical term or geographic name entry element Statistics-Computer science
700 ## - ADDED ENTRY--PERSONAL NAME
Personal name Has'Minskii R Z
700 ## - ADDED ENTRY--PERSONAL NAME
Personal name Kotz Samuel
942 ## - ADDED ENTRY ELEMENTS (KOHA)
Classification part B280j33, M1
Koha item type Textual
Source of classification or shelving scheme Colon Classification (CC)
Holdings
Withdrawn status Lost status Damaged status Not for loan Home library Current library Date acquired Total Checkouts Full call number Barcode Date last seen Price effective from Koha item type
        Central Science Library Central Science Library 2022-09-12   B280j33 M1 SL0741127 2022-09-12 2022-09-12 Textual
Copyright @ Delhi University Library System